000
00331nam a22001457a 4500
003
SGT
020
_a
9788123709475
082
_a
954.03
_b
S76P
100
_a
PRABHAKAR, VISHNU
245
_a
SARDAR VALLABBHAI PATEL
260
_a
INDIA
_b
NATIONAL BOOK TRUST
_c
1976
300
_a
65
650
_a
FREEDOM FIGHTERS
942
_2
ddc
_c
BK
999
_c
26131
_d
26131